Λέσβιοι στο γυμνάσιο Σύρας

Αποθηκεύτηκε σε:
Λεπτομέρειες βιβλιογραφικής εγγραφής
Κύριος συγγραφέας: Μίσσιος, Κώστας Γ., 1938-
Μορφή: Βιβλίο
Γλώσσα:Greek
Δημοσίευση: Μυτιλήνη : [χ.ό.], 1993.
Θέματα:
Ετικέτες: Προσθήκη ετικέτας
Δεν υπάρχουν, Καταχωρήστε ετικέτα πρώτοι!

MARC

LEADER 00000cam a2200000 a 4500
001 1/121680
008 200703s1993####gr |||||||||||||| ||gre||
040 |a GR-MyUa  |b gre  |c GR-MyUa  |e AACR2 
041 0 |a gre 
082 7 |a 889.8092  |2 (23) 
100 1 |a Μίσσιος, Κώστας Γ.,   |d 1938- 
245 1 0 |a Λέσβιοι στο γυμνάσιο Σύρας   |h [ανάτυπο] /   |c Κώστας Γ. Μίσσιος.  
260 |a Μυτιλήνη :   |b [χ.ό.],   |c 1993.  
300 |a 16 σ. ;   |c 24 εκ.  
500 |a Ανάτυπο ξανατυπωμένο από το πρδ. "Αιολικά Φύλλα", τφχ. 24, Ιαν. 1992, σ. 19-27 & τφχ. 25, Απρ. 1992, σ. 79-86.  
504 |a Περιλαμβάνει βιβλιογραφικές παραπομπές.  
651 0 |a Lesbos (Greece : Municipality)   |x Intellectual life. 
852 |a INST  |b LESVOS  |e 20200703  |h 889.8092 ΜΙΣ  |p 005100062314  |q 005100062314  |t BK  |y 0 
920 |a Μίσσιος  |b Κώστας  |y Λέσβος  |z 1997-02 
970 |a Καμάτσου  |b Δέσποινα  |z 03-07-2020